|
|
|
|
| LEADER |
00000nas a2200000 a 4500 |
| 005 |
20110830111350.0 |
| 007 |
cr ||||||||||| |
| 008 |
050302c19899999xxu|||||s ||| 0 ||eng|c |
| 022 |
|
|
|a 1044-4386 (versi ̤paper)
|
| 035 |
|
|
|a 5715
|
| 040 |
|
|
|d vLex
|
| 090 |
|
|
|c 2297
|d 2297
|
| 245 |
0 |
0 |
|a Stanford law and policy review
|h [Recurso electrn̤ico]
|
| 246 |
3 |
|
|a Stanford law & policy review
|
| 256 |
|
|
|a Servicio en ln̕ea.
|
| 260 |
|
|
|a Stanford, Calif. :
|b Stanford Law School,
|c 1989-
|
| 310 |
|
|
|a Semestral, 1989-1990
|
| 321 |
|
|
|a Semestral, 1993
|
| 321 |
|
|
|a Anual, 1991-1993
|
| 500 |
|
|
|a Descripcin̤ a partir del: Vol. 1, no. 1, (Fall, 1989), el 2 de mar ̇del 2005
|
| 506 |
1 |
|
|a Contenido solo disponible en los productos indicados
|d vLex Global
|d vLex Global (Academic Edition, excluding Law Schools)
|d vLex Global (Academic Edition, Law Schools)
|
| 650 |
0 |
4 |
|a Derecho pb︢lico
|z Estados Unidos de Amřica
|x Revistas
|
| 650 |
0 |
4 |
|a Ciencias de la polt̕ica
|x Revistas
|
| 710 |
2 |
|
|a Stanford University.
|b School of Law
|
| 740 |
0 |
|
|a vLex Revistas (Servicio en ln̕ea)
|
| 856 |
|
|
|z Acceso restringido
|u http://vlex.com/source/stanford-law-policy-review-5715
|
| 942 |
|
|
|c REV
|